Dirt rich, dirt poor: American's food and farm crisis (Record no. 341111)

000 -LEADER
fixed length control field 00396cam a22001217a 4500
008 - FIXED-LENGTH DATA ELEMENTS--GENERAL INFORMATION
fixed length control field 180718b1986 xxu||||| |||| 00| 0 eng d
082 ## - DEWEY DECIMAL CLASSIFICATION NUMBER
Classification number Zx73 B41
245 ## - TITLE STATEMENT
Title Dirt rich, dirt poor: American's food and farm crisis
Statement of responsibility, etc. by Joseph N. Belden et.al.
260 ## - PUBLICATION, DISTRIBUTION, ETC.
Place of publication, distribution, etc. London
Name of publisher, distributor, etc. Routledgeand kegal Paul
Date of publication, distribution, etc. 1986
300 ## - PHYSICAL DESCRIPTION
Extent 188p.
650 ## - SUBJECT ADDED ENTRY--TOPICAL TERM
Topical term or geographic name entry element Agriculture and state - United States
700 ## - ADDED ENTRY--PERSONAL NAME
Personal name Belden, Joseph N.
Holdings
Withdrawn status Lost status Damaged status Not for loan Permanent Location Current Location Date acquired Full call number Barcode Date last seen Price effective from Koha item type
        Indian Institute of Public Administration Indian Institute of Public Administration 1993-09-16 Zx73 B41 61996 2018-07-21 2018-07-21 Book

Powered by Koha